[Event "European Blitz 2022"]
[Site "Katowice POL"]
[Date "2022.12.16"]
[Round "11.47"]
[White "Klenburg, Michael"]
[Black "Kokol, Peter"]
[Result "1-0"]
[WhiteTitle "IM"]
[BlackTitle "FM"]
[WhiteElo "2347"]
[BlackElo "2347"]
[WhiteFideId "14102072"]
[BlackFideId "14604523"]
[EventDate "2022.12.16"]

1. g3 Nf6 2. Bg2 d5 3. d3 g6 4. Nf3 Bg7 5. O-O O-O 6. Nbd2 b6 7. e4 dxe4 8. dxe4
Bb7 9. e5 Ng4 10. e6 fxe6 11. h3 Nh6 12. Qe2 e5 13. Rd1 Nd7 14. Ne4 e6 15. Nfg5
Qe7 16. Qc4 Bd5 17. Qe2 Nc5 18. Nxc5 Qxc5 19. Bxd5 exd5 20. Ne6 Qd6 21. Nxf8
Rxf8 22. c3 Nf5 23. Bd2 e4 24. Bf4 Qd7 25. Qxe4 c6 26. Qd3 h5 27. Re1 h4 28. Re2
hxg3 29. fxg3 c5 1-0

[Event "European Blitz 2022"]
[Site "Katowice POL"]
[Date "2022.12.16"]
[Round "11.48"]
[White "Kuzmicz, Krystian"]
[Black "Karpus, Michal"]
[Result "1/2-1/2"]
[WhiteTitle "IM"]
[BlackTitle "FM"]
[WhiteElo "2466"]
[BlackElo "2212"]
[WhiteFideId "1119125"]
[BlackFideId "1174088"]
[EventDate "2022.12.16"]

1. g3 e5 2. Bg2 d5 3. c4 Nf6 4. cxd5 Nxd5 5. Nc3 Nb6 6. Nf3 Nc6 7. O-O Be7 8. d3
O-O 9. a3 Be6 10. b4 f6 11. Bb2 a6 12. Rc1 Qd7 13. Ne4 Rad8 14. Qc2 Bh3 15. Rfd1
Bxg2 16. Kxg2 Qe6 17. Ba1 Kh8 18. Nfd2 f5 19. Nc5 Bxc5 20. Qxc5 Nd5 21. Nf3 f4
22. Qc4 Qg4 23. h3 Qe6 24. g4 Rfe8 25. Ng5 Qe7 26. Ne4 Nd4 27. Bxd4 exd4 28. Qc5
Qf7 29. Kf3 Qe6 30. Rh1 c6 31. Qc4 Qe7 32. Qc5 Qe6 33. Qc4 Qe7 34. Qc5 1/2-1/2

[Event "European Blitz 2022"]
[Site "Katowice POL"]
[Date "2022.12.16"]
[Round "11.49"]
[White "Domenech, Vianney"]
[Black "Uruci, Endrit"]
[Result "1/2-1/2"]
[BlackTitle "FM"]
[WhiteElo "2249"]
[BlackElo "2297"]
[WhiteFideId "656089"]
[BlackFideId "22100199"]
[EventDate "2022.12.16"]

1. d4 c6 2. Bf4 d5 3. e3 Bf5 4. c4 e6 5. Nc3 Nf6 6. Qb3 b6 7. Rc1 Bd6 8. Bg3 O-O
9. Nf3 Re8 10. Be2 h6 11. O-O Bxg3 12. hxg3 Nbd7 13. Rfd1 a6 14. Ne5 Nxe5 15.
dxe5 Nd7 16. e4 dxe4 17. Na4 Qc7 18. Rxd7 Qxd7 19. Nxb6 Qd4 20. Nxa8 Rxa8 21.
Qb7 Rf8 22. Rd1 Qxe5 23. Qxc6 e3 24. Qf3 exf2+ 25. Qxf2 Qxb2 26. Bf3 Qc3 27. Qd4
Qxd4+ 28. Rxd4 Rc8 29. Bb7 Rc7 30. Bxa6 Ra7 31. Rd6 Kf8 32. a4 Ke7 33. Rb6 Bd3
34. Bb5 Rc7 35. Rc6 Rxc6 36. Bxc6 Kd6 37. Bb5 Kc5 38. Be8 Bxc4 39. Bxf7 Bd5 40.
Be8 e5 41. Kf2 Bb7 42. g4 g5 43. g3 Bd5 44. Ke3 Be6 45. a5 Bxg4 46. Ke4 Bc8 47.
Kxe5 h5 48. Bxh5 Kb5 49. Kf6 g4 50. Kg5 Kxa5 51. Bxg4 Bb7 52. Bf5 Bf3 53. Bg4
Be4 54. Kf4 Bd3 55. Bf5 Be2 56. Be4 Kb6 57. Bf3 Bd3 58. g4 Kc7 59. Be4 Bc4 60.
Ke5 Kd7 61. Kf6 Ke8 62. g5 Kf8 63. Bh7 Ke8 64. g6 Bd5 65. g7 Kd8 66. Bg6 Bg8 67.
Bf7 Bh7 68. Bd5 Ke8 69. Bc6+ Kd8 70. Kf7 Bd3 71. Bd5 Bh7 72. Kf8 Kd7 1/2-1/2

[Event "European Blitz 2022"]
[Site "Katowice POL"]
[Date "2022.12.16"]
[Round "11.50"]
[White "Kastelik, Adrian"]
[Black "De Filomeno, Simone"]
[Result "0-1"]
[BlackTitle "IM"]
[WhiteElo "2091"]
[BlackElo "2450"]
[WhiteFideId "1134701"]
[BlackFideId "828688"]
[EventDate "2022.12.16"]

1. e4 c5 2. c3 Nf6 3. e5 Nd5 4. d4 cxd4 5. cxd4 d6 6. Nf3 Nc6 7. Bc4 Nb6 8. Bb5
dxe5 9. Nxe5 Bd7 10. Bxc6 Bxc6 11. Nxc6 bxc6 12. O-O e6 13. Nc3 Be7 14. Be3 O-O
15. Rc1 Nc4 16. Na4 Qd5 17. b3 Nxe3 18. fxe3 e5 19. Qf3 exd4 20. Qxd5 cxd5 21.
exd4 Bf6 22. Rfd1 Rac8 23. Rc5 g6 24. b4 Rfe8 25. Nc3 Rcd8 26. Nxd5 Bg5 27. Nc7
Be3+ 28. Kf1 Re4 29. Nb5 a6 30. Nc3 Rf4+ 31. Ke2 Bxd4 32. Rd5 Re8+ 33. Kd3 Re3+
34. Kc2 Rxc3+ 35. Kb1 Rc4 36. a3 Bf6 37. Rd6 Rf2 38. R1d2 Rxd2 39. Rxd2 Rc3 40.
Ka2 Kg7 41. a4 h5 42. Rd6 Rc2+ 43. Kb3 Rxg2 44. Rxa6 Rxh2 45. a5 h4 46. Rc6 h3
47. a6 Rb2+ 48. Ka4 h2 49. Rc1 Bd4 50. Rh1 Bg1 51. b5 g5 52. Ka5 g4 53. Rxh2
Rxh2 54. b6 Ra2+ 55. Kb5 Rb2+ 56. Ka5 Bxb6+ 57. Ka4 Ba7 58. Ka5 g3 0-1

[Event "European Blitz 2022"]
[Site "Katowice POL"]
[Date "2022.12.16"]
[Round "11.51"]
[White "Kovalevsky, Stanislav"]
[Black "Cramling, Pia"]
[Result "0-1"]
[WhiteTitle "FM"]
[BlackTitle "GM"]
[WhiteElo "2237"]
[BlackElo "2463"]
[WhiteFideId "13508598"]
[BlackFideId "1700030"]
[EventDate "2022.12.16"]

1. c4 c5 2. Nc3 g6 3. g3 Bg7 4. Bg2 Nc6 5. a3 d6 6. Rb1 a5 7. e3 Be6 8. d3 Nf6
9. Nge2 O-O 10. O-O Rb8 11. Nf4 Bg4 12. Qa4 Bd7 13. Nb5 Na7 14. Bd2 Nxb5 15.
cxb5 Qe8 16. Bxa5 Bxb5 17. Qc2 Bc6 18. Bc3 Bxg2 19. Nxg2 Qc6 20. e4 b5 21. Rfc1
Rfc8 22. Qd2 Qb7 23. b4 c4 24. e5 Nd5 25. dxc4 Rxc4 26. Ne3 Nxc3 27. Rxc3 Rxc3
28. Qxc3 Bxe5 29. Qd3 Rc8 30. Qd5 Qxd5 31. Nxd5 Kf8 32. Nb6 Rc7 33. a4 bxa4 34.
Nxa4 Ra7 35. Nb6 Rb7 36. Nc4 Bf6 37. b5 d5 38. Na5 Rb6 39. Kg2 e6 40. Nc6 h5 41.
Kf3 Ke8 42. Ke3 Kd7 43. Rb3 Kd6 44. Na7 Rb7 0-1

[Event "European Blitz 2022"]
[Site "Katowice POL"]
[Date "2022.12.16"]
[Round "11.52"]
[White "Karolczuk, Iwo"]
[Black "Decosse, Jean-Fabien"]
[Result "1/2-1/2"]
[WhiteTitle "FM"]
[BlackTitle "CM"]
[WhiteElo "2327"]
[BlackElo "2149"]
[WhiteFideId "21816972"]
[BlackFideId "622583"]
[EventDate "2022.12.16"]

1. e4 d6 2. d4 Nf6 3. Nc3 e5 4. Nf3 Nbd7 5. Bc4 Be7 6. O-O O-O 7. Re1 c6 8. a4
a5 9. Ba2 exd4 10. Nxd4 Nc5 11. Qf3 Be6 12. Nxe6 fxe6 13. Qh3 d5 14. exd5 exd5
15. Be3 Qd7 16. Qxd7 Ncxd7 17. f3 Bc5 18. Rad1 Rfe8 19. Bxc5 Nxc5 20. Kf2 Kf7
21. b3 Rxe1 22. Rxe1 Re8 23. Ne2 Nfd7 24. Rd1 Nf6 25. Nd4 g6 26. Bb1 Re5 27. c3
Ne6 28. Ne2 Nc5 29. Bc2 Re7 30. Nd4 Ne6 31. Ne2 Nc5 32. g4 h6 33. h4 Re5 34. Nf4
g5 35. Ng2 Ne6 36. hxg5 hxg5 37. Bf5 Ng7 38. Bc2 Ne6 39. Rb1 c5 40. Rd1 d4 41.
cxd4 Nxd4 42. Rd2 Nd5 43. Bd1 Nc3 44. Bc2 Nd5 45. Bd1 b6 46. Rd3 Kf6 47. Kg3 Ke6
48. Kf2 Nb4 49. Re3 Nd5 50. Rd3 Nb4 51. Rd2 Nd5 52. Bc2 Kf6 53. Bd1 Ke6 54. Kg3
Kf6 55. Kf2 Ke6 56. Kg3 Kf6 57. Kf2 Ke6 58. Rd3 Kf6 59. Rd2 Ke6 60. Rd3 1/2-1/2

[Event "European Blitz 2022"]
[Site "Katowice POL"]
[Date "2022.12.16"]
[Round "11.53"]
[White "Krzywda, Andrzej"]
[Black "Psyk, Radoslaw"]
[Result "0-1"]
[WhiteTitle "CM"]
[WhiteElo "2262"]
[BlackElo "2438"]
[WhiteFideId "1114565"]
[BlackFideId "1182838"]
[EventDate "2022.12.16"]

1. d4 e6 2. c4 Nf6 3. Nf3 d5 4. g3 Be7 5. Bg2 O-O 6. O-O c6 7. Nc3 b6 8. Ne5
Nfd7 9. Bf4 Nxe5 10. Bxe5 Nd7 11. Bf4 Bb7 12. e4 dxc4 13. a4 e5 14. Bxe5 Nxe5
15. dxe5 Bc5 16. Qe2 Qd3 17. Qg4 Bc8 18. Qh4 Qd8 19. Qh5 Re8 20. Rad1 Qe7 21.
Qe2 Ba6 22. Kh1 Qxe5 23. f4 Qe7 24. e5 Qc7 25. Rfe1 Rad8 26. Rxd8 Rxd8 27. e6
fxe6 28. Qxe6+ Kh8 29. Ne4 Bc8 30. Qxc4 Re8 31. Rf1 Be6 32. Qc3 Bf8 33. Ng5 Bg8
34. Be4 h6 35. Bg6 Bd5+ 36. Kg1 Bc5+ 37. Rf2 Re2 0-1

[Event "European Blitz 2022"]
[Site "Katowice POL"]
[Date "2022.12.16"]
[Round "11.54"]
[White "Maisuradze, Nino"]
[Black "Barski, Radoslaw"]
[Result "0-1"]
[WhiteTitle "WGM"]
[BlackTitle "IM"]
[WhiteElo "2230"]
[BlackElo "2441"]
[WhiteFideId "13601717"]
[BlackFideId "1131710"]
[EventDate "2022.12.16"]

1. d4 d5 2. c4 e6 3. Nc3 Nf6 4. cxd5 exd5 5. Bg5 c6 6. e3 Be7 7. Qc2 O-O 8. Bd3
h6 9. Bh4 Ne8 10. Bxe7 Qxe7 11. Nxd5 cxd5 12. Qxc8 Nc6 13. Qf5 Nf6 14. O-O-O
Rac8 15. Kb1 Nb4 16. Nf3 Rc6 17. Ne5 Rb6 18. g4 Nxd3 19. Qxd3 Qb4 20. Qd2 Qa4
21. f3 Ne8 22. Rhg1 f6 23. Nd3 Nd6 24. Nc5 Qb5 25. a4 Qe8 26. Rc1 Nc4 27. Rxc4
dxc4 28. Qc3 Qf7 29. Rc1 Rc6 30. f4 b6 31. Ne4 Qg6 32. Qc2 Qxg4 33. d5 Rcc8 34.
Nd6 Rcd8 35. Nxc4 Rxd5 36. Qb3 Kh8 37. Ka1 Rdd8 38. Na3 Qf5 39. Nb5 Rc8 40. Nc7
Qd7 41. Qc4 Rf7 42. Qe4 Rxc7 43. Rg1 Qe7 44. Qg6 Rf8 45. h4 Rc4 46. b3 Rc3 47.
Kb2 Rxe3 48. h5 Re2+ 49. Kb1 Qe4+ 50. Qxe4 Rxe4 0-1

[Event "European Blitz 2022"]
[Site "Katowice POL"]
[Date "2022.12.16"]
[Round "11.55"]
[White "Sidletskyi, Ivan"]
[Black "Haydon, David L"]
[Result "1/2-1/2"]
[BlackTitle "FM"]
[WhiteElo "2152"]
[BlackElo "2289"]
[WhiteFideId "14156024"]
[BlackFideId "415405"]
[EventDate "2022.12.16"]

1. e4 c6 2. d4 d5 3. f3 Nd7 4. Nc3 e6 5. f4 dxe4 6. Nxe4 Ngf6 7. Bd3 Nb6 8. Nf3
Be7 9. O-O Qc7 10. b3 Nbd5 11. Ne5 Nxe4 12. Bxe4 Nc3 13. Qd3 Nxe4 14. Qxe4 f6
15. Nd3 O-O 16. c4 Rd8 17. Bb2 b6 18. Rae1 Bf8 19. Qe3 a5 20. Qf3 a4 21. b4 Ba6
22. Rc1 a3 23. Ba1 Bb7 24. Qe3 Qd7 25. c5 b5 26. Rfe1 Re8 27. Re2 Qd5 28. Rce1
Rad8 29. Nf2 Qf5 30. g4 Qd5 31. Nd1 h5 32. h3 hxg4 33. hxg4 e5 34. dxe5 fxe5 35.
fxe5 Bc8 36. Nf2 Qc4 37. Qe4 Qxe4 38. Nxe4 Bxg4 39. Rg2 Bf3 40. Nf6+ Kf7 41.
Nxe8 Bxg2 42. Nd6+ Bxd6 43. exd6 Bd5 44. Re7+ Kg6 45. Rxg7+ Kf5 46. Rg3 Ra8 47.
d7 Bxa2 48. Rxa3 Rg8+ 49. Kf2 Bd5 50. Rg3 Rd8 51. Rg7 Ke6 52. Ke3 Rxd7 53. Rxd7
Kxd7 54. Be5 Ke6 1/2-1/2

[Event "European Blitz 2022"]
[Site "Katowice POL"]
[Date "2022.12.16"]
[Round "11.56"]
[White "Ugorek, Kacper"]
[Black "Ondozi, Murtez"]
[Result "1-0"]
[BlackTitle "FM"]
[WhiteElo "1682"]
[BlackElo "2406"]
[WhiteFideId "21890676"]
[BlackFideId "937576"]
[EventDate "2022.12.16"]

1. d4 d5 2. c4 c6 3. Nf3 Nf6 4. Qc2 e6 5. g3 Nbd7 6. Nbd2 Bd6 7. Bg2 O-O 8. O-O
h6 9. e4 dxe4 10. Nxe4 Nxe4 11. Qxe4 c5 12. Bf4 Qc7 13. Bxd6 Qxd6 14. Rfd1 Qc7
15. b3 Rb8 16. Ne5 Nf6 17. Qe3 b6 18. dxc5 bxc5 19. Rd2 Bb7 20. Rad1 Bxg2 21.
Kxg2 a5 22. Nd7 Nxd7 23. Rxd7 Qb6 24. R1d6 Qb4 25. Rc6 Rbc8 26. Rdc7 Rxc7 27.
Rxc7 Qa3 28. Qxc5 Qxa2 29. Rc8 Rxc8 30. Qxc8+ Kh7 31. Qb7 f5 32. c5 Qc2 33. c6
Qe4+ 34. Kg1 Qe1+ 35. Kg2 1-0

[Event "European Blitz 2022"]
[Site "Katowice POL"]
[Date "2022.12.16"]
[Round "11.57"]
[White "Dobrovoljc, Vid"]
[Black "Aymerich Verdaguer, Eduard"]
[Result "1-0"]
[WhiteTitle "FM"]
[BlackTitle "CM"]
[WhiteElo "2384"]
[BlackElo "2208"]
[WhiteFideId "14609843"]
[BlackFideId "32049293"]
[EventDate "2022.12.16"]

1. Nf3 f5 2. g3 Nf6 3. Bg2 g6 4. O-O Bg7 5. d4 O-O 6. c4 d6 7. Qb3 c6 8. Nc3 Qe8
9. c5+ d5 10. Bf4 Nbd7 11. Ne5 Nxe5 12. Bxe5 Nd7 13. Bxg7 Kxg7 14. Rad1 e5 15.
e3 Nf6 16. Qc2 h5 17. h4 Qe7 18. b4 a6 19. Ne2 e4 20. a4 Bd7 21. Rb1 Ng4 22. Nf4
Rh8 23. Nh3 Rhf8 24. Rfc1 f4 25. Nxf4 Rxf4 26. exf4 e3 27. f3 Nh6 28. Qe2 Nf5
29. Qe1 Nxd4 30. Qc3 Qf6 31. Qxe3 Re8 32. Qd3 Bf5 33. Qd1 Bxb1 34. Rxb1 Ne2+ 35.
Kh2 Nc3 36. Qc1 Nxb1 37. Qxb1 Qf5 38. Qb2+ Qf6 39. Qc2 d4 40. Qc4 Rd8 41. Qd3
Qf5 42. Qd2 d3 43. Bf1 Qd5 44. Kg2 Qc4 45. Kh3 Qc2 46. Qe3 Qc3 47. Qe7+ Kh6 48.
Qxd8 d2 49. Be2 Qe3 50. Qh8# 1-0

[Event "European Blitz 2022"]
[Site "Katowice POL"]
[Date "2022.12.16"]
[Round "11.58"]
[White "Mis, Mieszko"]
[Black "Ulasevich, Sergei"]
[Result "1-0"]
[WhiteTitle "FM"]
[BlackTitle "CM"]
[WhiteElo "2389"]
[BlackElo "2236"]
[WhiteFideId "1196448"]
[BlackFideId "13505629"]
[EventDate "2022.12.16"]

1. e4 c5 2. f4 d5 3. Bb5+ Bd7 4. Bxd7+ Qxd7 5. d3 Nc6 6. Nf3 e6 7. O-O Be7 8.
Qe2 Rd8 9. Be3 d4 10. Bf2 Nf6 11. Nbd2 b5 12. a4 a6 13. axb5 axb5 14. Ne5 Qc7
15. Ndf3 Nd7 16. Nxd7 Qxd7 17. g4 O-O 18. f5 exf5 19. gxf5 Rfe8 20. Kh1 Bf6 21.
Qd2 Ne5 22. Nxe5 Bxe5 23. Rg1 Qd6 24. Qg5 Ra8 25. h3 g6 26. Qg4 c4 27. Qf3 cxd3
28. cxd3 b4 29. Bh4 Qc6 30. Raf1 Rf8 31. Be7 Rfe8 32. fxg6 Rxe7 33. gxf7+ 1-0

[Event "European Blitz 2022"]
[Site "Katowice POL"]
[Date "2022.12.16"]
[Round "11.59"]
[White "Drazic, Sinisa"]
[Black "Nazarova, Anastasia"]
[Result "1-0"]
[WhiteTitle "GM"]
[BlackTitle "WFM"]
[WhiteElo "2372"]
[BlackElo "2196"]
[WhiteFideId "901172"]
[BlackFideId "34101737"]
[EventDate "2022.12.16"]

1. d4 d5 2. Bg5 Nf6 3. e3 e6 4. Nd2 Be7 5. Ngf3 Nbd7 6. Bd3 b6 7. c3 Bb7 8. O-O
h6 9. Bh4 O-O 10. Qe2 c5 11. Rad1 Ne4 12. Bxe7 Qxe7 13. Rfe1 f5 14. a3 Qf6 15.
Bb5 Rad8 16. Bxd7 Rxd7 17. Ne5 Rc7 18. f3 Nd6 19. Qf2 Nf7 20. Nxf7 Rfxf7 21. f4
Ba6 22. Nf3 Rf8 23. Ne5 Bb5 24. Qg3 Kh7 25. Rd2 Be8 26. Qf3 Qh4 27. Rc1 Bh5 28.
Qf2 Qxf2+ 29. Kxf2 g5 30. Rdc2 Kg7 31. h3 Rfc8 32. Rg1 gxf4 33. Rd2 fxe3+ 34.
Kxe3 cxd4+ 35. Kxd4 Kf6 36. Rf2 Bg6 37. Rf3 Bh7 38. g4 Rg8 39. Re1 Rg5 40. b3 h5
41. gxh5 Rxh5 42. Ng4+ Ke7 43. Nf2 Rh4+ 44. Ke5 Bg6 45. Rg3 Bf7 46. a4 a6 47.
Reg1 b5 48. axb5 axb5 49. Ra1 b4 50. cxb4 Rxb4 51. Ra4 Rb5 52. Nd3 Rd7 53. Kd4
Kf6 54. b4 Re7 55. Ra6 Rbb7 56. Re3 Kg7 57. Ke5 Rb5 58. Rg3+ Kf8 59. Kf6 Be8 60.
Rxe6 Rxe6+ 61. Kxe6 d4 62. Kf6 Rb6+ 63. Kxf5 Bd7+ 64. Ke5 Bb5 65. Nc5 Be2 66.
Nd7+ 1-0

[Event "European Blitz 2022"]
[Site "Katowice POL"]
[Date "2022.12.16"]
[Round "11.60"]
[White "Orzech, Dominik"]
[Black "Galuszka, Tomasz"]
[Result "1-0"]
[WhiteTitle "IM"]
[WhiteElo "2313"]
[BlackElo "2184"]
[WhiteFideId "1115065"]
[BlackFideId "21816409"]
[EventDate "2022.12.16"]

1. Nf3 d5 2. c4 e6 3. d4 c6 4. Nc3 Nf6 5. cxd5 exd5 6. Bg5 Be7 7. Qc2 Nbd7 8. e3
O-O 9. Bd3 Re8 10. O-O Nf8 11. Rab1 Ne4 12. Bf4 Nxc3 13. bxc3 Bd6 14. Ne5 f6 15.
Nf3 Bxf4 16. exf4 b5 17. a4 a6 18. Ra1 Bg4 19. Nd2 Qd6 20. h3 Be2 21. Bxe2 Rxe2
22. Qd3 Rae8 23. g3 Nd7 24. axb5 cxb5 25. Nf3 R2e7 26. Ra2 Qb6 27. Rfa1 Nb8 28.
Qf5 Qc6 29. Ra3 Qe6 30. Qh5 Qe4 31. Kg2 g6 32. Qh4 Qf5 33. R3a2 Re2 34. Qg4 Qxg4
35. hxg4 Kg7 36. g5 Rxa2 37. Rxa2 Re6 38. gxf6+ Kxf6 39. Ne5 Ke7 40. Ra1 Nd7 41.
Nd3 Kd8 42. Nb4 Re2 43. Rxa6 1-0

[Event "European Blitz 2022"]
[Site "Katowice POL"]
[Date "2022.12.16"]
[Round "11.61"]
[White "Jablonicky, Martin"]
[Black "Hulka, Valentyn"]
[Result "0-1"]
[WhiteTitle "FM"]
[BlackTitle "CM"]
[WhiteElo "2388"]
[BlackElo "2222"]
[WhiteFideId "14925621"]
[BlackFideId "34107061"]
[EventDate "2022.12.16"]

1. e4 c5 2. Nf3 Nc6 3. d4 cxd4 4. Nxd4 Nf6 5. Nc3 e5 6. Ndb5 d6 7. Nd5 Nxd5 8.
exd5 Ne7 9. c4 Ng6 10. Be2 Be7 11. O-O O-O 12. Nc3 f5 13. f4 Nxf4 14. Bxf4 exf4
15. Rxf4 Qb6+ 16. Rf2 Qxb2 17. Nb5 Bh4 18. g3 Bf6 19. Rb1 Qe5 20. Bf3 f4 21. g4
Qe3 22. Kg2 Qc5 23. Qd3 a6 24. Nc3 Re8 25. Ne4 Qd4 26. Qxd4 Bxd4 27. Nxd6 Rd8
28. Nxc8 Bxf2 29. Ne7+ Kf8 30. d6 Rxd6 31. Nd5 Be3 32. Rxb7 Rc8 33. Be2 Rc5 34.
Kf3 Ra5 35. Rb2 Re6 36. Rc2 Ra3 37. Kg2 g5 38. Bf3 Bc5 39. Nc3 Re1 40. Ne4 Rg1+ 0-1

[Event "European Blitz 2022"]
[Site "Katowice POL"]
[Date "2022.12.16"]
[Round "11.62"]
[White "Pla Almenar, Nel"]
[Black "Walter, Szymon"]
[Result "0-1"]
[BlackTitle "FM"]
[WhiteElo "2038"]
[BlackElo "2327"]
[WhiteFideId "22273115"]
[BlackFideId "1172590"]
[EventDate "2022.12.16"]

1. e4 c5 2. Nf3 a6 3. Nc3 e6 4. d4 cxd4 5. Nxd4 Nc6 6. Nxc6 bxc6 7. Bd3 d5 8.
O-O Nf6 9. Qe2 Be7 10. Bd2 O-O 11. Rae1 d4 12. Na4 e5 13. h3 Be6 14. b3 g6 15.
Nb2 Nh5 16. Qf3 Bg5 17. Bxg5 Qxg5 18. Bc4 Nf4 19. Bxe6 fxe6 20. Qg3 Qh5 21. Qg4
Qxg4 22. hxg4 h5 23. gxh5 gxh5 24. Nc4 Ng6 25. Rd1 h4 26. Rd3 Kg7 27. g3 Rf6 28.
gxh4 Kh6 29. Kh2 Raf8 30. Rg3 Rxf2+ 31. Rxf2 Rxf2+ 32. Rg2 Rf4 33. Nd6 Nxh4 34.
Rg8 Rf2+ 35. Kh3 Ng6 36. Re8 Kg5 37. Rxe6 Nf4+ 0-1

[Event "European Blitz 2022"]
[Site "Katowice POL"]
[Date "2022.12.16"]
[Round "11.64"]
[White "Bazilius, Augustinas"]
[Black "Vega Gutierrez, Sabrina"]
[Result "0-1"]
[BlackTitle "IM"]
[WhiteElo "2118"]
[BlackElo "2361"]
[WhiteFideId "12832251"]
[BlackFideId "2219026"]
[EventDate "2022.12.16"]

1. d4 d5 2. c4 e6 3. Nf3 c6 4. Qc2 Nf6 5. g3 Be7 6. Bg2 O-O 7. O-O b6 8. Nbd2 c5
9. e4 Nc6 10. exd5 exd5 11. cxd5 Nb4 12. Qb3 Ba6 13. Rd1 Qxd5 14. Qxd5 Nfxd5 15.
dxc5 Nc2 16. Rb1 Be2 17. Re1 Nxe1 18. Nxe1 Rad8 19. cxb6 axb6 20. Ne4 Nb4 21.
Be3 b5 22. a3 Nd3 23. Nc3 Nxe1 24. Rxe1 Bc4 25. Bb6 Rd7 26. Ba5 Bf6 27. Bb4 Rfd8
28. Bc6 Bxc3 29. Bxc3 Rd1 30. Kg2 Rxe1 31. Bxe1 Bd5+ 32. Bxd5 Rxd5 33. Bc3 f6
34. Kf3 Kf7 35. Ke4 Ke6 36. f4 g6 37. Ke3 Rd1 38. h3 h5 39. g4 Rh1 40. gxh5
Rxh3+ 41. Ke4 Rxh5 42. b3 Rh3 43. Kd4 Rf3 44. Kc5 Rxc3+ 45. Kd4 0-1

[Event "European Blitz 2022"]
[Site "Katowice POL"]
[Date "2022.12.16"]
[Round "11.65"]
[White "Brilej, Jaka"]
[Black "Grzesik, Gracjan"]
[Result "1-0"]
[WhiteTitle "FM"]
[WhiteElo "2336"]
[BlackElo "2148"]
[WhiteFideId "14618818"]
[BlackFideId "1194593"]
[EventDate "2022.12.16"]

1. d4 Nf6 2. c4 e6 3. Nc3 Bb4 4. Bd2 O-O 5. e3 b6 6. Nf3 Bb7 7. Bd3 d6 8. O-O
Bxc3 9. Bxc3 Ne4 10. Be1 Nd7 11. Nd2 f5 12. f3 Nxd2 13. Qxd2 Qe7 14. Qc2 Qf7 15.
b4 c5 16. bxc5 dxc5 17. Bg3 Rac8 18. Qe2 Rfd8 19. a4 Nb8 20. Bf2 Na6 21. a5 Nb4
22. axb6 axb6 23. Bb1 Ra8 24. Rxa8 Rxa8 25. Rd1 Rd8 26. e4 cxd4 27. Rxd4 Rxd4
28. Bxd4 fxe4 29. Bxe4 Bxe4 30. Qxe4 Qf5 31. Qxf5 exf5 32. Bxb6 Kf7 33. Bd4 Nc6
34. Bc3 g6 35. Kf2 Ke6 36. Kg3 Nd8 37. Kf4 Nb7 38. Kg5 Kf7 39. h4 Nc5 40. Kh6
Ne6 41. Bd2 Nd8 42. Kxh7 Ne6 43. Kh6 Nc5 44. h5 gxh5 45. Kxh5 Nb3 46. Bc3 Nc1
47. g4 Ne2 48. Be5 Ke6 49. Bh2 Nd4 50. f4 Nf3 51. Bg3 Nd2 52. g5 Nxc4 53. Kh6
Kf7 54. Kh7 Nd6 55. g6+ Ke6 56. g7 Nf7 1-0

[Event "European Blitz 2022"]
[Site "Katowice POL"]
[Date "2022.12.16"]
[Round "11.66"]
[White "Grabarczyk, Miroslaw"]
[Black "Jedrusik, Adam"]
[Result "0-1"]
[WhiteTitle "GM"]
[WhiteElo "2337"]
[BlackElo "1951"]
[WhiteFideId "1101684"]
[BlackFideId "21802122"]
[EventDate "2022.12.16"]

1. d4 d5 2. c4 c6 3. Nf3 Nf6 4. Qc2 g6 5. cxd5 cxd5 6. Nc3 Nc6 7. Bf4 a6 8. e3
Bg7 9. Be2 O-O 10. O-O Bf5 11. Qd1 Qb6 12. Na4 Qa5 13. a3 b5 14. Nc5 Nd7 15. b4
Qb6 16. Rc1 Rfe8 17. Qb3 e5 18. Nxd7 Bxd7 19. dxe5 Nxe5 20. Bxe5 Bxe5 21. Qxd5
Qd6 22. Qxd6 Bxd6 23. Rfd1 Re6 24. Ng5 Be7 25. Nxe6 Bxe6 26. Bf3 Ra7 27. Bd5 Bd7
28. Rc2 Kg7 29. h3 Bf6 30. Rdc1 Be5 31. f4 Bd6 32. Kf2 h5 33. Kf3 a5 34. Bc6
axb4 35. axb4 Bf5 36. e4 Be6 37. Bd5 Ra3+ 38. Rc3 Rxc3+ 39. Rxc3 Bxb4 40. Rb3
Bd6 41. Bxe6 fxe6 42. Rxb5 0-1

[Event "European Blitz 2022"]
[Site "Katowice POL"]
[Date "2022.12.16"]
[Round "11.70"]
[White "Peyrer, Konstantin"]
[Black "Lucchi, Lorenzo"]
[Result "1/2-1/2"]
[WhiteTitle "FM"]
[WhiteElo "2380"]
[BlackElo "2084"]
[WhiteFideId "1640879"]
[BlackFideId "821160"]
[EventDate "2022.12.16"]

1. d4 d5 2. c4 e6 3. Nf3 c5 4. cxd5 exd5 5. Nc3 Nc6 6. Bg5 Nf6 7. e3 cxd4 8.
Nxd4 Bc5 9. Bb5 O-O 10. Nxc6 bxc6 11. Bxc6 Rb8 12. O-O h6 13. Bxf6 Qxf6 14. Bxd5
Ba6 15. Ne4 Qe7 16. Re1 Rxb2 17. Nxc5 Qxc5 18. Bb3 Qf5 19. Qf3 Qxf3 20. gxf3 Be2
21. Kg2 Rd8 22. Rac1 Rdd2 23. Rc8+ Kh7 24. Kg3 Bd3 25. Rd1 Rxd1 26. Bxd1 Rxa2
27. Bb3 Ra1 28. Bxf7 g5 29. h3 a5 30. Rd8 Bf5 31. e4 Bg6 32. Bd5 a4 33. Kg2 Kg7
34. e5 Re1 35. e6 Bf5 36. Rd7+ Kg6 37. Rd6 Kf6 38. e7+ Kxe7 39. Rxh6 Re5 40. Ba2
Re2 41. Bc4 Rc2 42. Bd5 Rc5 43. Be4 Be6 44. Rh7+ Kd6 45. Ra7 Bb3 46. Ra6+ Ke5
47. Kg3 Kd4 48. h4 gxh4+ 49. Kxh4 Kc3 50. f4 Kb2 51. f5 a3 52. f6 a2 53. Bg6
Rc4+ 54. Kg5 Rc8 55. f7 a1=Q 56. Rxa1 Kxa1 57. Kf6 Rb8 58. f4 Bxf7 59. Bxf7 Rb4
60. f5 Rb5 61. Be6 Rxf5+ 62. Bxf5 1/2-1/2

[Event "European Blitz 2022"]
[Site "Katowice POL"]
[Date "2022.12.16"]
[Round "11.71"]
[White "Strejczek, Dariusz"]
[Black "Paehtz, Elisabeth"]
[Result "1/2-1/2"]
[BlackTitle "GM"]
[WhiteElo "2149"]
[BlackElo "2464"]
[WhiteFideId "1122142"]
[BlackFideId "4641833"]
[EventDate "2022.12.16"]

1. e4 c5 2. f4 Nc6 3. Nf3 g6 4. g3 Bg7 5. Bg2 d6 6. O-O e6 7. d3 Nge7 8. c3 b6
9. Be3 Bb7 10. Qe2 Rc8 11. Nbd2 Qc7 12. Rac1 Ba6 13. b3 d5 14. e5 Qd7 15. Bf2
O-O 16. Rfe1 Rfe8 17. Nf1 Na5 18. g4 Nec6 19. g5 Ne7 20. Ne3 Nf5 21. Ng4 b5 22.
b4 cxb4 23. cxb4 Nc6 24. Bc5 Bb7 25. d4 Nb8 26. Bxa7 Rc4 27. Bc5 Na6 28. a3 Nxc5
29. bxc5 Ra8 30. Qb2 Bc6 31. Nf6+ Bxf6 32. exf6 Qb7 33. Rxc4 dxc4 34. Qf2 Rxa3
35. Ne5 Bxg2 36. Qxg2 Qxg2+ 37. Kxg2 c3 38. c6 b4 39. c7 Ra8 40. Rb1 Ne3+ 41.
Kf3 Nd5 42. Nc6 c2 43. Rc1 b3 44. Ne7+ Nxe7 45. fxe7 Rc8 46. Ke4 b2 47. Rxc2
b1=Q 1/2-1/2